000 00973nam2a2200277 i 4500
001 RU\NLR\bibl\1997365
005 20241225185958.0
010 _a9785808807693
_9100
021 _aRU
_b2013-1947
_9128
035 _a(NLR Aleph) 001985747
090 _a4154165
_c4154165
100 _a20130206d2012 k y0rusy50 ca
101 0 _arus
_aspa
_gspa
102 _aRU
105 _aa |||||||||
200 0 _aЧ. 2
210 _d2012
215 _a225 с.
_cил.
320 _aБиблиогр.: с. 225 (13 назв.)
461 1 _1001RU\NLR\BIBL_A\010027748
_12001#$aCONTINUAMOS$vЧ. 2
_0RU\NLR\BIBL_A\010027748
_99933170
_aРоблес Эррера, А.
_cСанкт-Петербург
_d2012
_fА. Роблес Эррера
_nГУАП
_oучебное пособие по испанскому языку
_tCONTINUAMOS
_vЧ. 2
801 0 _aRU
_bNLR
_c20130206
_gRCR
801 1 _aRU
_bNLR
_c20130206
942 _cBOOK
980 _aNBR